Statistics for Scrambled Words Ending in “A”

Click here to take the quiz!

General Stats

  • This quiz has been taken 17 times
  • The average score is 16 of 30

Answer Stats

HintAnswer% Correct
12EazaxtnragvaExtravaganza
93%
12aOtnooiapmoeOnomatopoeia
73%
12iceanlpEdyocEncyclopedia
67%
10elrzazMolaMozzarella
67%
10orCincauopCornucopia
60%
10aaaiEustnhEuthanasia
60%
12yocihnaorHpdHypochondria
60%
11mNmnyipohaaNymphomania
60%
10ausdleiaQlQuesadilla
60%
10nlamSalloeSalmonella
60%
10aAtshsneieAnesthesia
53%
10iCclhialhnChinchilla
53%
10ioeilaphHmHemophilia
53%
11HietpyharmoHypothermia
53%
11KptlaoemainKleptomania
53%
10PapdograanPropaganda
53%
10bdenClraaaCandelabra
47%
10phierthiaDDiphtheria
47%
11FnihiaasstoFashionista
47%
12eHiaymygplcoHypoglycemia
47%
11gaMemnloaaiMegalomania
47%
10aiuelimtMdMultimedia
47%
10aiarminPgaParmigiana
47%
12aimbiylFaogrFibromyalgia
40%
11ocnhMeiaallMelancholia
40%
11baialoMmeriMemorabilia
40%
11loNicheripaNecrophilia
40%
11ihiaCgacnmhChimichanga
33%
10PtatniseoiPoinsettia
27%
11somhaayrdcPPsychodrama
27%

Score Distribution

Percentile by Number Answered

Percent of People with Each Score

Your Score History

You have not taken this quiz